Antonio Rosmini: Introduction to his life and teaching

Gardado en:
Detalles Bibliográficos
Autor Principal: Cleary, Denis
Formato: Libro
Idioma:Undetermined
Publicado: Londres, Inglaterra Rosmini House 1992
Materias:
Etiquetas: Engadir etiqueta
Sen Etiquetas, Sexa o primeiro en etiquetar este rexistro!

MARC

LEADER 00000nam a2200000Ia 4500
008 170316s9999 xx 000 0 und d
090 |a 100 C-29a 
100 |a Cleary, Denis 
245 |a Antonio Rosmini: Introduction to his life and teaching 
260 |a Londres, Inglaterra 
260 |b Rosmini House 
260 |c 1992 
300 |a 80 páginas 
650 |a FILOSOFÍA 
999 |c 15899  |d 15899 
040 |a cru BVZT 
942 |c 15 D  |h 100 C-29a  |2 z